[Event "World Chess Olympiad 2018"]
[Site "Batumi"]
[Date "2018.09.24"]
[Round "1"]
[Board "3"]
[WhiteFideId "3902480"]
[White "Vivas Zamora Fabian Ernesto"]
[BlackFideId "15600106"]
[Black "Mooney Graham"]
[Result "1-0"]
[LiveChessVersion "1.4.8"]
[BlackElo "1892"]
[WhiteElo "2363"]

1. e4 {[%clk 1:30:53]} c5 {[%clk 1:30:51]} 2. Nf3 {[%clk 1:31:04]} d6
{[%clk 1:30:59]} 3. d4 {[%clk 1:31:21]} cxd4 {[%clk 1:30:57]} 4. Nxd4
{[%clk 1:31:44]} Nf6 {[%clk 1:30:44]} 5. Nc3 {[%clk 1:32:08]} g6 {[%clk 1:30:39]}
6. Bc4 {[%clk 1:30:07]} a6 {[%clk 1:24:54]} 7. Bg5 {[%clk 1:24:24]} Bg7
{[%clk 1:24:30]} 8. Qe2 {[%clk 1:19:47]} Qa5 {[%clk 1:16:36]} 9. f4
{[%clk 1:13:34]} Bg4 {[%clk 1:10:20]} 10. Qd3 {[%clk 1:05:47]} Nbd7
{[%clk 1:08:26]} 11. Nb3 {[%clk 1:00:27]} Nc5 {[%clk 1:05:04]} 12. Nxa5
{[%clk 1:00:27]} Nxd3+ {[%clk 1:05:28]} 13. cxd3 {[%clk 0:58:43]} b6
{[%clk 0:51:10]} 14. Nb3 {[%clk 0:54:05]} b5 {[%clk 0:38:00]} 15. Bd5
{[%clk 0:52:31]} Nxd5 {[%clk 0:37:00]} 16. Nxd5 {[%clk 0:52:54]} Ra7
{[%clk 0:36:26]} 17. d4 {[%clk 0:50:55]} Be6 {[%clk 0:32:46]} 18. Rc1
{[%clk 0:50:48]} Bxd5 {[%clk 0:31:29]} 19. exd5 {[%clk 0:51:15]} O-O
{[%clk 0:31:41]} 20. Kd2 {[%clk 0:51:22]} a5 {[%clk 0:31:49]} 21. Kd3
{[%clk 0:51:41]} a4 {[%clk 0:25:54]} 22. Nd2 {[%clk 0:52:09]} a3 {[%clk 0:26:13]}
23. b3 {[%clk 0:50:53]} e5 {[%clk 0:26:19]} 24. Ne4 {[%clk 0:50:00]} f6
{[%clk 0:26:31]} 25. Bh4 {[%clk 0:49:27]} exf4 {[%clk 0:26:49]} 26. Nxd6
{[%clk 0:49:46]} b4 {[%clk 0:26:48]} 27. Be1 {[%clk 0:49:30]} Rb8
{[%clk 0:26:30]} 28. Rc8+ {[%clk 0:47:50]} Rxc8 {[%clk 0:26:54]} 29. Nxc8
{[%clk 0:48:15]} Rc7 {[%clk 0:26:59]} 30. Nb6 {[%clk 0:48:28]} Rb7
{[%clk 0:27:06]} 31. Nc4 {[%clk 0:48:49]} 1-0

[Event "World Chess Olympiad 2018"]
[Site "Batumi"]
[Date "2018.09.24"]
[Round "1"]
[Board "4"]
[WhiteFideId "15600238"]
[White "Wilson David"]
[BlackFideId "4401859"]
[Black "Palencia Morales Wilson Guillermo"]
[Result "0-1"]
[LiveChessVersion "1.4.8"]
[BlackElo "2345"]
[WhiteElo "1651"]

1. e4 {[%clk 1:30:53]} c5 {[%clk 1:30:11]} 2. Nf3 {[%clk 1:31:11]} g6
{[%clk 1:30:19]} 3. c3 {[%clk 1:31:04]} Bg7 {[%clk 1:30:09]} 4. d4
{[%clk 1:29:16]} cxd4 {[%clk 1:30:21]} 5. cxd4 {[%clk 1:28:35]} d5
{[%clk 1:30:29]} 6. Bb5+ {[%clk 1:23:30]} Bd7 {[%clk 1:27:48]} 7. Bxd7+
{[%clk 1:23:22]} Qxd7 {[%clk 1:27:30]} 8. e5 {[%clk 1:18:54]} Nc6
{[%clk 1:21:30]} 9. O-O {[%clk 1:17:50]} f6 {[%clk 1:20:41]} 10. Re1
{[%clk 0:58:29]} fxe5 {[%clk 1:19:23]} 11. dxe5 {[%clk 0:46:33]} e6
{[%clk 1:16:35]} 12. Bf4 {[%clk 0:41:43]} Nge7 {[%clk 1:14:42]} 13. Nc3
{[%clk 0:40:17]} O-O {[%clk 1:14:48]} 14. Qd2 {[%clk 0:38:58]} Nb4
{[%clk 1:01:40]} 15. a3 {[%clk 0:33:53]} Nc2 {[%clk 0:59:49]} 16. Qxc2
{[%clk 0:33:34]} Rxf4 {[%clk 1:00:01]} 17. Rad1 {[%clk 0:29:24]} Raf8
{[%clk 0:53:02]} 18. Ne2 {[%clk 0:28:10]} Rxf3 {[%clk 0:50:37]} 19. gxf3
{[%clk 0:28:07]} Bxe5 {[%clk 0:50:39]} 20. Ng3 {[%clk 0:22:55]} Bg7
{[%clk 0:46:51]} 21. Kg2 {[%clk 0:21:39]} Nc6 {[%clk 0:46:18]} 22. b4
{[%clk 0:17:34]} Nd4 {[%clk 0:45:22]} 23. Rxd4 {[%clk 0:15:51]} Bxd4
{[%clk 0:45:43]} 24. Qe2 {[%clk 0:15:25]} Re8 {[%clk 0:42:08]} 25. Rd1
{[%clk 0:15:23]} Qg7 {[%clk 0:40:52]} 26. Nf1 {[%clk 0:14:39]} Re7
{[%clk 0:39:57]} 27. Ne3 {[%clk 0:14:44]} Qe5 {[%clk 0:39:17]} 28. Qd3
{[%clk 0:13:08]} Qg5+ {[%clk 0:37:18]} 29. Kh1 {[%clk 0:10:01]} Be5
{[%clk 0:37:11]} 30. Ng4 {[%clk 0:08:22]} Bc7 {[%clk 0:34:32]} 31. Rg1
{[%clk 0:07:30]} Qf4 {[%clk 0:33:27]} 32. Rg2 {[%clk 0:05:08]} Rf7
{[%clk 0:32:53]} 33. Qe3 {[%clk 0:04:29]} Qxe3 {[%clk 0:27:35]} 34. Nxe3
{[%clk 0:04:29]} Rxf3 {[%clk 0:27:35]} 35. a4 {[%clk 0:01:35]} Bb6
{[%clk 0:26:43]} 36. Nd1 {[%clk 0:01:25]} Bd4 {[%clk 0:26:32]} 37. b5
{[%clk 0:01:39]} e5 {[%clk 0:26:32]} 38. Kg1 {[%clk 0:01:56]} Rd3
{[%clk 0:26:00]} 39. Ne3 {[%clk 0:01:56]} Bxe3 {[%clk 0:26:00]} 40. fxe3
{[%clk 0:01:56]} Rd1+ {[%clk 0:26:00]} 41. Kf2 {[%clk 0:01:56]} Rd2+
{[%clk 0:26:00]} 42. Kf3 {[%clk 0:01:56]} Rxg2 {[%clk 0:26:00]} 43. Kxg2
{[%clk 0:01:56]} g5 {[%clk 0:26:00]} 44. Kf3 {[%clk 0:01:56]} h5 {[%clk 0:56:10]}
45. h3 {[%clk 0:31:36]} h4 {[%clk 0:56:10]} 46. Kg4 {[%clk 0:31:36]} d4
{[%clk 0:56:10]} 47. exd4 {[%clk 0:31:36]} exd4 {[%clk 0:56:10]} 48. Kf3 d3
{[%clk 0:56:56]} 49. Ke3 {[%clk 0:32:04]} g4 50. Ke4 {[%clk 0:14:02]} 0-1

[Event "World Chess Olympiad 2018"]
[Site "Batumi"]
[Date "2018.09.24"]
[Round "1"]
[Board "1"]
[WhiteFideId "9700072"]
[White "Chinasamy Devarajen"]
[BlackFideId "14000571"]
[Black "Atabayev Saparmyrat"]
[Result "0-1"]
[LiveChessVersion "1.4.8"]
[BlackElo "2443"]
[WhiteElo "1993"]

1. d4 {[%clk 1:30:54]} Nf6 {[%clk 1:30:46]} 2. Bf4 {[%clk 1:31:10]} g6
{[%clk 1:30:54]} 3. Nc3 {[%clk 1:31:24]} d5 {[%clk 1:30:52]} 4. e3
{[%clk 1:31:41]} Bg7 {[%clk 1:30:58]} 5. Nf3 {[%clk 1:30:36]} O-O
{[%clk 1:31:03]} 6. Bd3 {[%clk 1:27:56]} Nbd7 {[%clk 1:28:00]} 7. O-O
{[%clk 1:25:35]} c5 {[%clk 1:26:28]} 8. h3 {[%clk 1:22:06]} b6 {[%clk 1:24:48]}
9. Re1 {[%clk 1:18:21]} Bb7 {[%clk 1:24:18]} 10. Ne5 {[%clk 1:17:24]} Nxe5
{[%clk 1:15:32]} 11. Bxe5 {[%clk 1:17:41]} Nd7 {[%clk 1:15:14]} 12. Bxg7
{[%clk 1:17:54]} Kxg7 {[%clk 1:15:41]} 13. f4 {[%clk 1:12:24]} e6
{[%clk 1:14:06]} 14. Qf3 {[%clk 1:10:27]} Qf6 {[%clk 1:12:15]} 15. Qf2
{[%clk 1:09:47]} a6 {[%clk 1:06:27]} 16. a4 {[%clk 1:09:36]} Bc6 {[%clk 1:01:14]}
17. Rad1 {[%clk 1:00:40]} c4 {[%clk 0:59:20]} 18. Bf1 {[%clk 1:00:41]} b5
{[%clk 0:54:53]} 19. axb5 {[%clk 0:54:01]} axb5 {[%clk 0:55:11]} 20. Nb1
{[%clk 0:49:04]} Ra2 {[%clk 0:53:23]} 21. c3 {[%clk 0:47:06]} Qe7
{[%clk 0:52:20]} 22. g3 {[%clk 0:43:50]} Rb8 {[%clk 0:42:35]} 23. Rd2
{[%clk 0:42:13]} b4 {[%clk 0:41:01]} 24. e4 {[%clk 0:39:21]} Nf6 {[%clk 0:29:44]}
25. exd5 {[%clk 0:37:36]} Bxd5 {[%clk 0:30:10]} 26. Bg2 {[%clk 0:37:40]} Qb7
{[%clk 0:27:58]} 27. Rde2 {[%clk 0:29:17]} Bxg2 {[%clk 0:27:32]} 28. Qxg2
{[%clk 0:29:38]} Qxg2+ {[%clk 0:27:43]} 29. Rxg2 {[%clk 0:28:50]} bxc3
{[%clk 0:28:03]} 30. bxc3 {[%clk 0:29:06]} Ra1 {[%clk 0:28:22]} 0-1

[Event "World Chess Olympiad 2018"]
[Site "Batumi"]
[Date "2018.09.24"]
[Round "1"]
[Board "2"]
[WhiteFideId "14003937"]
[White "Nurmamedov Azat"]
[BlackFideId "9700110"]
[Black "Goorsahye Antoine"]
[Result "1-0"]
[LiveChessVersion "1.4.8"]
[BlackElo "1793"]
[WhiteElo "2349"]

1. e4 {[%clk 1:30:58]} d5 {[%clk 1:30:33]} 2. exd5 {[%clk 1:31:19]} Nf6
{[%clk 1:30:56]} 3. d4 {[%clk 1:30:48]} Nxd5 {[%clk 1:31:06]} 4. Nf3
{[%clk 1:31:08]} Bg4 {[%clk 1:30:59]} 5. Be2 {[%clk 1:31:14]} e6 {[%clk 1:31:01]}
6. c4 {[%clk 1:29:56]} Nb6 {[%clk 1:29:31]} 7. O-O {[%clk 1:28:09]} Nc6
{[%clk 1:29:08]} 8. Be3 {[%clk 1:26:36]} Be7 {[%clk 1:28:24]} 9. Qb3
{[%clk 1:18:41]} O-O {[%clk 1:24:36]} 10. Rd1 {[%clk 1:15:17]} Bf6
{[%clk 1:22:34]} 11. Nbd2 {[%clk 1:06:31]} e5 {[%clk 1:11:48]} 12. dxe5
{[%clk 0:52:37]} Nxe5 {[%clk 1:09:53]} 13. Ne4 {[%clk 0:52:05]} Qe7
{[%clk 1:09:15]} 14. Bc5 {[%clk 0:52:04]} Qe6 {[%clk 1:06:51]} 15. Nd4
{[%clk 0:51:25]} Qc8 {[%clk 1:05:26]} 16. Bxf8 {[%clk 0:51:02]} Kxf8
{[%clk 1:04:40]} 17. Nxf6 {[%clk 0:51:17]} gxf6 {[%clk 1:05:03]} 18. c5
{[%clk 0:50:53]} Bxe2 {[%clk 1:03:27]} 19. Nxe2 {[%clk 0:51:16]} Nbc4
{[%clk 1:02:48]} 20. f4 {[%clk 0:51:09]} Qg4 {[%clk 1:02:30]} 21. Re1
{[%clk 0:45:38]} Nd2 {[%clk 1:01:23]} 22. Qg3 {[%clk 0:46:01]} Ne4
{[%clk 0:56:11]} 23. Qe3 {[%clk 0:43:37]} Re8 {[%clk 0:48:40]} 24. fxe5
{[%clk 0:39:58]} Rxe5 {[%clk 0:48:50]} 25. Ng3 {[%clk 0:38:29]} Ng5
{[%clk 0:47:54]} 26. Qc3 {[%clk 0:38:42]} Qe6 {[%clk 0:45:13]} 27. Rxe5
{[%clk 0:38:59]} fxe5 {[%clk 0:45:35]} 28. Re1 {[%clk 0:39:25]} f6
{[%clk 0:45:53]} 29. Ne4 {[%clk 0:39:21]} Nf7 {[%clk 0:45:59]} 30. Rf1
{[%clk 0:39:23]} f5 {[%clk 0:46:11]} 31. Qh3 {[%clk 0:39:49]} 1-0

[Event "World Chess Olympiad 2018"]
[Site "Batumi"]
[Date "2018.09.24"]
[Round "1"]
[Board "3"]
[WhiteFideId "9700099"]
[White "Marie Patrick"]
[BlackFideId "14001128"]
[Black "Atabayev Yusup"]
[Result "0-1"]
[LiveChessVersion "1.4.8"]
[BlackElo "2411"]
[WhiteElo "1955"]

1. e4 {[%clk 1:30:55]} c5 {[%clk 1:30:43]} 2. Nf3 {[%clk 1:31:17]} d6
{[%clk 1:31:06]} 3. d4 {[%clk 1:31:35]} cxd4 {[%clk 1:31:30]} 4. Nxd4
{[%clk 1:32:00]} Nf6 {[%clk 1:31:53]} 5. Nc3 {[%clk 1:32:15]} a6 {[%clk 1:31:59]}
6. Be2 {[%clk 1:32:21]} e5 {[%clk 1:32:18]} 7. Nb3 {[%clk 1:32:10]} Be7
{[%clk 1:31:29]} 8. Bg5 {[%clk 1:31:49]} Nbd7 {[%clk 1:30:44]} 9. Bg4
{[%clk 1:28:06]} Nxg4 {[%clk 1:26:45]} 10. Bxe7 {[%clk 1:28:25]} Qxe7
{[%clk 1:27:11]} 11. Qxg4 {[%clk 1:28:04]} Nf6 {[%clk 1:27:06]} 12. Qe2
{[%clk 1:22:42]} Be6 {[%clk 1:26:10]} 13. O-O {[%clk 1:21:54]} O-O
{[%clk 1:23:55]} 14. Rad1 {[%clk 1:21:15]} b5 {[%clk 1:19:20]} 15. Qe3
{[%clk 1:16:55]} Qc7 {[%clk 1:18:47]} 16. Rd2 {[%clk 1:16:39]} b4
{[%clk 1:17:56]} 17. Nd5 {[%clk 1:13:20]} Bxd5 {[%clk 1:17:54]} 18. exd5
{[%clk 1:13:39]} a5 {[%clk 1:17:54]} 19. f4 {[%clk 1:13:12]} Rfe8
{[%clk 1:15:01]} 20. fxe5 {[%clk 1:11:25]} Rxe5 {[%clk 1:08:48]} 21. Qf3
{[%clk 1:04:10]} Rae8 {[%clk 1:06:23]} 22. Nc1 {[%clk 0:44:44]} Re3
{[%clk 1:04:08]} 23. Qf4 {[%clk 0:42:01]} R8e4 {[%clk 1:03:37]} 24. Qf5
{[%clk 0:40:27]} Re5 {[%clk 1:03:57]} 25. Qf4 {[%clk 0:39:53]} R3e4
{[%clk 1:03:45]} 26. Qg3 {[%clk 0:37:02]} Qa7+ {[%clk 0:53:09]} 27. Kh1
{[%clk 0:33:39]} Re3 {[%clk 0:52:30]} 28. Qh4 {[%clk 0:30:36]} R5e4
{[%clk 0:50:13]} 29. Qg5 {[%clk 0:30:06]} Re1 {[%clk 0:48:54]} 30. Qf5
{[%clk 0:19:54]} Qe3 {[%clk 0:49:07]} 31. Nb3 {[%clk 0:18:09]} Rxf1+
{[%clk 0:47:42]} 32. Qxf1 {[%clk 0:18:30]} a4 {[%clk 0:48:06]} 33. Rd3
{[%clk 0:17:36]} Rf4 {[%clk 0:45:17]} 34. Qc1 {[%clk 0:17:53]} Qxc1+
{[%clk 0:45:41]} 0-1

[Event "World Chess Olympiad 2018"]
[Site "Batumi"]
[Date "2018.09.24"]
[Round "1"]
[Board "4"]
[WhiteFideId "14003856"]
[White "Turayev Shahruh"]
[BlackFideId "9700170"]
[Black "Jotee Ashvin"]
[Result "1-0"]
[LiveChessVersion "1.4.8"]
[BlackElo "1751"]
[WhiteElo "2156"]

1. d4 {[%clk 1:30:30]} d5 {[%clk 1:30:32]} 2. Nf3 {[%clk 1:30:58]} Nf6
{[%clk 1:30:12]} 3. c4 {[%clk 1:31:23]} c6 {[%clk 1:29:58]} 4. g3
{[%clk 1:31:24]} dxc4 {[%clk 1:27:51]} 5. Bg2 {[%clk 1:31:38]} Bf5
{[%clk 1:24:29]} 6. Ne5 {[%clk 1:26:21]} e6 {[%clk 1:17:22]} 7. O-O
{[%clk 1:21:50]} Nbd7 {[%clk 1:15:31]} 8. Nxc4 {[%clk 1:22:02]} Be7
{[%clk 1:10:47]} 9. Nc3 {[%clk 1:22:22]} O-O {[%clk 1:04:34]} 10. e4
{[%clk 1:22:05]} Bg6 {[%clk 1:04:17]} 11. Qe2 {[%clk 1:17:16]} Nb6
{[%clk 1:00:46]} 12. Rd1 {[%clk 1:13:09]} Nxc4 {[%clk 0:56:46]} 13. Qxc4
{[%clk 1:13:09]} Qa5 {[%clk 0:50:52]} 14. a3 {[%clk 1:07:06]} Rfd8
{[%clk 0:45:56]} 15. b4 {[%clk 1:05:50]} Qb6 {[%clk 0:42:55]} 16. Be3
{[%clk 1:02:08]} Ng4 {[%clk 0:40:53]} 17. Bf4 {[%clk 1:02:00]} a5
{[%clk 0:33:39]} 18. b5 {[%clk 0:51:14]} cxb5 {[%clk 0:31:58]} 19. Nxb5
{[%clk 0:47:06]} Rac8 {[%clk 0:20:39]} 20. Qe2 {[%clk 0:36:40]} Nf6
{[%clk 0:16:43]} 21. a4 {[%clk 0:37:02]} Ne8 {[%clk 0:14:56]} 22. h4
{[%clk 0:32:44]} h6 {[%clk 0:14:34]} 23. Rac1 {[%clk 0:19:42]} Nd6
{[%clk 0:13:39]} 24. Rb1 {[%clk 0:14:40]} Qa6 {[%clk 0:08:32]} 25. h5
{[%clk 0:15:10]} Bh7 {[%clk 0:08:08]} 26. Qg4 {[%clk 0:15:38]} Kh8
{[%clk 0:04:53]} 27. Be5 {[%clk 0:16:07]} Rg8 {[%clk 0:03:05]} 28. Qf4
{[%clk 0:16:36]} Bg5 {[%clk 0:00:40]} 29. Nxd6 {[%clk 0:17:04]} Qxd6
{[%clk 0:00:33]} 30. Bxd6 {[%clk 0:17:32]} Bxf4 {[%clk 0:00:37]} 31. Bxf4
{[%clk 0:17:49]} 1-0

[Event "World Chess Olympiad 2018"]
[Site "Batumi"]
[Date "2018.09.24"]
[Round "1"]
[Board "1"]
[WhiteFideId "16601661"]
[White "Tan Santiago Jr"]
[BlackFideId "10200037"]
[Black "Rahman Ziaur"]
[Result "0-1"]
[LiveChessVersion "1.4.8"]
[BlackElo "2477"]
[WhiteElo "1823"]

1. d4 {[%clk 1:23:14]} d5 {[%clk 1:29:11]} 2. e3 {[%clk 1:21:40]} Nf6
{[%clk 1:29:25]} 3. Bd3 {[%clk 1:21:09]} c5 {[%clk 1:28:35]} 4. c3
{[%clk 1:20:04]} Nc6 {[%clk 1:28:31]} 5. Nf3 {[%clk 1:18:09]} Bg4
{[%clk 1:26:33]} 6. h3 {[%clk 1:14:43]} Bh5 {[%clk 1:22:18]} 7. Nbd2
{[%clk 1:13:03]} e6 {[%clk 1:22:25]} 8. a3 {[%clk 1:11:20]} Bg6 {[%clk 1:21:22]}
9. Qe2 {[%clk 1:09:27]} cxd4 {[%clk 1:19:15]} 10. exd4 {[%clk 1:09:27]} Bd6
{[%clk 1:19:29]} 11. b4 {[%clk 1:05:30]} Qc7 {[%clk 1:18:54]} 12. Bb2
{[%clk 1:05:28]} O-O {[%clk 1:17:02]} 13. Bxg6 {[%clk 0:57:27]} hxg6
{[%clk 1:16:34]} 14. Qd3 {[%clk 0:56:31]} e5 {[%clk 1:15:45]} 15. dxe5
{[%clk 0:56:32]} Nxe5 {[%clk 1:16:06]} 16. Nxe5 {[%clk 0:56:31]} Bxe5
{[%clk 1:15:53]} 17. O-O {[%clk 0:53:09]} Rac8 {[%clk 1:14:55]} 18. Rac1
{[%clk 0:53:11]} Bh2+ {[%clk 1:15:18]} 19. Kh1 {[%clk 0:50:17]} Bf4
{[%clk 1:14:02]} 20. Rcd1 {[%clk 0:50:19]} Bxd2 {[%clk 1:13:59]} 21. Qxd2
{[%clk 0:44:44]} Qc4 {[%clk 1:12:48]} 22. Qd4 {[%clk 0:43:45]} Qb3
{[%clk 1:12:58]} 23. Rb1 {[%clk 0:41:45]} b6 {[%clk 1:11:47]} 24. Qd1
{[%clk 0:38:40]} Qa2 {[%clk 1:11:36]} 25. f3 {[%clk 0:38:40]} Rfe8
{[%clk 1:11:36]} 26. Re1 {[%clk 0:38:39]} Rxe1+ {[%clk 1:11:21]} 27. Qxe1
{[%clk 0:38:39]} Re8 {[%clk 1:11:21]} 28. Qd1 {[%clk 0:38:05]} Nh5
{[%clk 1:10:51]} 29. Ra1 {[%clk 0:35:39]} Qxb2 {[%clk 1:11:01]} 30. Rb1
{[%clk 0:34:00]} Qa2 {[%clk 1:11:11]} 31. Ra1 {[%clk 0:34:01]} Qc4
{[%clk 1:11:31]} 32. Qd4 {[%clk 0:32:31]} Qxd4 {[%clk 1:11:44]} 33. cxd4
{[%clk 0:32:47]} Rc8 {[%clk 1:11:51]} 34. Re1 {[%clk 0:28:23]} Kf8
{[%clk 1:12:01]} 35. Re5 {[%clk 0:28:26]} Nf4 {[%clk 1:12:06]} 36. h4
{[%clk 0:26:46]} f6 {[%clk 1:12:16]} 37. Re3 {[%clk 0:26:59]} Kf7
{[%clk 1:12:20]} 38. g3 {[%clk 0:27:15]} Rc1+ {[%clk 1:12:39]} 39. Kh2
{[%clk 0:27:19]} Rc2+ {[%clk 1:13:03]} 40. Kh1 {[%clk 0:57:26]} Ne2
{[%clk 1:43:16]} 41. g4 {[%clk 0:56:54]} Nxd4 {[%clk 1:42:54]} 42. Rd3
{[%clk 0:57:05]} Nc6 {[%clk 1:43:10]} 43. f4 {[%clk 0:56:19]} Ke6
{[%clk 1:43:30]} 44. Re3+ {[%clk 0:56:04]} Kd6 {[%clk 1:43:47]} 45. h5
{[%clk 0:53:40]} d4 {[%clk 1:44:07]} 46. Rd3 {[%clk 0:49:43]} Rc3
{[%clk 1:44:01]} 47. Rd2 {[%clk 0:49:57]} d3 {[%clk 1:43:56]} 48. hxg6
{[%clk 0:49:30]} Rc1+ {[%clk 1:44:08]} 0-1

[Event "World Chess Olympiad 2018"]
[Site "Batumi"]
[Date "2018.09.24"]
[Round "1"]
[Board "3"]
[WhiteFideId "16600614"]
[White "Cabuso Rustum"]
[BlackFideId "10200649"]
[Black "Hossain Enamul"]
[Result "0-1"]
[LiveChessVersion "1.4.8"]
[BlackElo "2452"]
[WhiteElo "1730"]

1. d4 {[%clk 1:24:23]} Nf6 {[%clk 1:29:58]} 2. Bf4 {[%clk 1:24:14]} e6
{[%clk 1:29:48]} 3. Nf3 {[%clk 1:23:37]} b6 {[%clk 1:30:07]} 4. e3
{[%clk 1:23:03]} Bb7 {[%clk 1:30:24]} 5. Be2 {[%clk 1:22:56]} Be7
{[%clk 1:30:24]} 6. Nbd2 {[%clk 1:22:42]} O-O {[%clk 1:30:25]} 7. c3
{[%clk 1:21:41]} d6 {[%clk 1:30:17]} 8. Qc2 {[%clk 1:20:25]} c5 {[%clk 1:29:48]}
9. b3 {[%clk 1:16:08]} Nc6 {[%clk 1:29:06]} 10. e4 {[%clk 1:09:40]} cxd4
{[%clk 1:28:27]} 11. cxd4 {[%clk 1:08:33]} Rc8 {[%clk 1:28:32]} 12. Qb1
{[%clk 1:07:43]} Nb4 {[%clk 1:28:19]} 13. Bd3 {[%clk 1:01:33]} Rc1+
{[%clk 1:28:09]} 14. Ke2 {[%clk 0:56:55]} Rxb1 {[%clk 1:28:27]} 15. Bxb1
{[%clk 0:55:25]} Ba6+ {[%clk 1:28:42]} 16. Kd1 {[%clk 0:51:22]} Qc7
{[%clk 1:27:27]} 17. Ne1 {[%clk 0:48:49]} Qc3 {[%clk 1:25:29]} 18. a3
{[%clk 0:47:22]} Rc8 {[%clk 1:24:35]} 19. axb4 {[%clk 0:43:48]} Qc1# 0-1

[Event "World Chess Olympiad 2018"]
[Site "Batumi"]
[Date "2018.09.24"]
[Round "1"]
[Board "4"]
[WhiteFideId "10200975"]
[White "Islam Kh. Aminul"]
[BlackFideId "16601246"]
[Black "Toribiong Leif"]
[Result "1-0"]
[LiveChessVersion "1.4.8"]
[BlackElo "1323"]
[WhiteElo "2273"]

1. d4 {[%clk 1:30:02]} d5 {[%clk 1:24:23]} 2. c4 {[%clk 1:30:07]} c6
{[%clk 1:23:37]} 3. Nc3 {[%clk 1:29:33]} Na6 {[%clk 1:21:50]} 4. cxd5
{[%clk 1:28:52]} cxd5 {[%clk 1:18:36]} 5. Bf4 {[%clk 1:29:06]} e6
{[%clk 1:16:35]} 6. e3 {[%clk 1:29:05]} Qa5 {[%clk 1:15:12]} 7. Bb5+
{[%clk 1:28:16]} Kd8 {[%clk 1:15:04]} 8. Nge2 {[%clk 1:25:41]} Nf6
{[%clk 1:13:39]} 9. O-O {[%clk 1:20:40]} Bd7 {[%clk 1:09:55]} 10. Bd3
{[%clk 1:17:48]} Rc8 {[%clk 1:07:34]} 11. a3 {[%clk 1:17:48]} b5 {[%clk 1:04:38]}
12. h3 {[%clk 1:14:21]} h6 {[%clk 1:02:48]} 13. a4 {[%clk 1:05:13]} b4
{[%clk 0:57:45]} 14. Nb5 {[%clk 1:03:58]} Qb6 {[%clk 0:56:02]} 15. a5
{[%clk 0:52:10]} Qb7 {[%clk 0:56:05]} 16. Nd6 {[%clk 0:52:14]} Bxd6
{[%clk 0:56:09]} 17. Bxd6 {[%clk 0:52:42]} Ne4 {[%clk 0:56:19]} 18. Bh2
{[%clk 0:51:42]} b3 {[%clk 0:53:57]} 19. f3 {[%clk 0:50:34]} Nd2 {[%clk 0:49:58]}
20. Qxd2 {[%clk 0:50:39]} Nb4 {[%clk 0:50:18]} 21. Rfc1 {[%clk 0:50:38]} Rxc1+
22. Rxc1 Nxd3 23. Qxd3 Bb5 {[%clk 0:47:49]} 24. Qxb3 {[%clk 0:50:54]} Kd7
{[%clk 0:47:59]} 25. Rc7+ {[%clk 0:50:58]} Qxc7 {[%clk 0:47:54]} 26. Bxc7
{[%clk 0:51:24]} Kxc7 {[%clk 0:48:07]} 27. Qxb5 {[%clk 0:51:50]} Rb8
{[%clk 0:47:45]} 28. Qc5+ {[%clk 0:52:10]} Kd7 {[%clk 0:47:58]} 29. Qxa7+
{[%clk 0:52:37]} Kc8 {[%clk 0:47:48]} 30. Qxf7 {[%clk 0:52:57]} Rxb2
{[%clk 0:48:14]} 31. Nf4 {[%clk 0:53:19]} Ra2 {[%clk 0:47:52]} 32. Nxe6
{[%clk 0:53:33]} Kb8 {[%clk 0:47:31]} 33. Qc7+ {[%clk 0:53:35]} Ka8
{[%clk 0:47:50]} 34. Nd8 {[%clk 0:53:30]} Rb2 {[%clk 0:47:27]} 35. Nc6
{[%clk 0:53:52]} Rb7 {[%clk 0:47:42]} 36. Qc8+ {[%clk 0:54:15]} Rb8
{[%clk 0:47:38]} 37. Qa6# 1-0

[Event "World Chess Olympiad 2018"]
[Site "Batumi"]
[Date "2018.09.24"]
[Round "1"]
[Board "1"]
[WhiteFideId "13602853"]
[White "Tutisani Noe"]
[BlackFideId "15400263"]
[Black "Wong Kai Meng"]
[Result "1-0"]
[LiveChessVersion "1.4.8"]
[BlackElo "1661"]
[WhiteElo "2471"]

1. e4 {[%clk 1:30:55]} e5 {[%clk 1:30:44]} 2. Nf3 {[%clk 1:31:19]} d6
{[%clk 1:30:59]} 3. d4 {[%clk 1:31:39]} exd4 {[%clk 1:31:02]} 4. Nxd4
{[%clk 1:32:00]} Nf6 {[%clk 1:31:15]} 5. Nc3 {[%clk 1:32:23]} Be7
{[%clk 1:30:28]} 6. Bf4 {[%clk 1:32:45]} O-O {[%clk 1:28:37]} 7. Qd2
{[%clk 1:33:10]} a6 {[%clk 1:27:29]} 8. O-O-O {[%clk 1:33:23]} b5
{[%clk 1:26:17]} 9. f3 {[%clk 1:33:46]} Bb7 {[%clk 1:25:38]} 10. Nf5
{[%clk 1:34:01]} Re8 {[%clk 1:14:04]} 11. h4 {[%clk 1:30:12]} Bf8
{[%clk 1:05:52]} 12. h5 {[%clk 1:27:44]} Nbd7 {[%clk 1:01:46]} 13. g4
{[%clk 1:25:43]} Ne5 {[%clk 0:56:06]} 14. Bxe5 {[%clk 1:21:33]} Rxe5
{[%clk 0:56:21]} 15. g5 {[%clk 1:20:06]} Nxe4 {[%clk 0:50:13]} 16. fxe4
{[%clk 1:20:33]} Rxf5 {[%clk 0:50:27]} 17. exf5 {[%clk 1:18:58]} Bxh1
{[%clk 0:50:46]} 18. Bd3 {[%clk 1:18:31]} Bf3 {[%clk 0:41:29]} 19. Rg1
{[%clk 1:18:12]} Bxh5 {[%clk 0:32:44]} 20. Qh2 {[%clk 1:12:19]} Qe8
{[%clk 0:13:50]} 21. Be4 {[%clk 1:09:12]} d5 {[%clk 0:13:40]} 22. Qxh5
{[%clk 1:09:16]} dxe4 {[%clk 0:13:23]} 23. Rh1 {[%clk 1:09:33]} h6
{[%clk 0:08:30]} 24. gxh6 {[%clk 1:09:46]} f6 {[%clk 0:06:42]} 25. hxg7
{[%clk 1:10:11]} Bxg7 {[%clk 0:06:50]} 26. Qh7+ {[%clk 1:10:29]} Kf8
{[%clk 0:06:04]} 27. Nd5 {[%clk 1:10:05]} Qf7 {[%clk 0:05:23]} 28. Rg1
{[%clk 1:08:03]} Rd8 {[%clk 0:05:03]} 29. Nf4 {[%clk 1:08:07]} Rd7
{[%clk 0:02:35]} 30. Rxg7 {[%clk 1:08:05]} 1-0